000 00357cam a2200145ua 4500
003 OSt
008 230721b |||||||| |||| 00| 0 eng d
041 _aeng
082 _a539.72112
_bAND/DI
100 _aBender, Alfred .
_95511
245 _aElectron /
260 _aNew York :
_bScientific Books Publisher INC ,
_c1960.
300 _a128 ; .
942 _cBK
999 _c1461
_d1461